| 000 | 00645nam a22001817a 4500 | ||
|---|---|---|---|
| 020 | _qHard Cover. | ||
| 082 | _a005 | ||
| 100 | _aRehman, Ali Akbar ; Iftikhar Hassan ; Murad Malik ; Sarmad Awais | ||
| 245 |
_aSketchIt _cAli Akbar Rehman ; Hassan Iftikhar ; Murad Malik ; Sarmad Awais. |
||
| 260 |
_aIslamabad : _bSEECS - NUST, _c2018. |
||
| 300 |
_a42 p. : ill. ; _c30cm, _eCD. |
||
| 563 | _aa | ||
| 650 |
_aComputer Sciences-Project Report. _930844 |
||
| 700 |
_aDr. Muhammad Shehzad _931016 |
||
| 856 | _uhttp://10.250.8.41:8080/xmlui/handle/123456789/21875 | ||
| 942 |
_2ddc _cTHE |
||
| 999 |
_c536090 _d536090 |
||